Reactions of FRS on debt crisis in USA bakalárska práca

Gespeichert in:
Bibliographische Detailangaben
1. Verfasser: Ribanský, Matej
Körperschaft: Národohospodárska fakulta EU. Katedra bankovníctva a medzinárodných financií
Weitere Verfasser: Kotlebová, Jana, 1969-
Format: Buch
Sprache:Englisch
Veröffentlicht: Bratislava 2016
Tags: Tag hinzufügen
Keine Tags, Fügen Sie das erste Tag hinzu!

MARC

LEADER 00000nbm a2200000 4500
001 0219705
005 20180115154249.4
041 0 |a eng 
044 |a SK 
245 1 0 |a Reactions of FRS on debt crisis in USA  |b bakalárska práca  |c Matej Ribanský ; školiteľ: Jana Kotlebová 
264 1 |a Bratislava  |c 2016 
300 |a 61 s. 
100 1 |a Ribanský, Matej 
700 1 |a Kotlebová, Jana, 1969- 
710 2 |a Národohospodárska fakulta EU. Katedra bankovníctva a medzinárodných financií